000 00499cam a2200145 4500500
005 20260405002354.0
041 _afre
042 _adc
100 1 0 _aPlusquellec, Florent
_eauthor
245 0 0 _aBenjamin Brillaud (dir.) Les samouraïs Tallandier, « Texto », 2025, 368 pages, 11 €.
260 _c2026.
500 _a20
786 0 _nÉtudes | - | 4 | 2026-03-31 | p. 127-127 | 0014-1941
856 4 1 _uhttps://shs.cairn.info/revue-etudes-2026-4-page-127?lang=fr&redirect-ssocas=7080
999 _c2057110
_d2057110